Score 0/16 Timer 04:00
0 Plays Today
Scrambled Word Unscrambled Word % Correct
UFLLFULL
99.6%
LODCCOLD
97.1%
OOFDFOOD
96.6%
NODWDOWN
94.1%
LEAPPALE
86.4%
DFIRGIFRIGID
86.4%
SUPERPURSE
61.4%
NESHAASHEN
60.6%
Scrambled Word Unscrambled Word % Correct
SEEDPREDSDEPRESSED
53.2%
DGAABHNHANDBAG
51.9%
BEEOSOBESE
48.6%
DATESITASATIATED
48.1%
NOTDURROTUND
44.8%
LISTENSILENT
30.8%
LASTCIVUVICTUALS
23.2%
TICARUNTTACITURN
10.1%

You're not logged in!

Compare scores with friends on all Sporcle quizzes.
OR
Log In

Sporcle TV

Today on Sporcle TV


Watch our educational content, quiz creation guides, and fun videos on Sporcle TV.

Show Comments

Extras

Top Quizzes Today


Score Distribution

Your Account Isn't Verified!

In order to create a playlist on Sporcle, you need to verify the email address you used during registration. Go to your Sporcle Settings to finish the process.

Report this User

Report this user for behavior that violates our Community Guidelines.

Details: